A háziorvoslás jövőképe hazai és nemzetközi megoldások /

Elmentve itt :
Bibliográfiai részletek
Szerzők: Varga Albert
Hajnal Ferenc
Nagyvári Péter
Ágoston Gergely
Dokumentumtípus: Prezentáció
Kulcsszavak:orvosi ellátás
családi
családorvoslás
Tárgyszavak:
Online Access:http://eta.bibl.u-szeged.hu/4247
LEADER 00961nnm a2200253 i 4500
001 eta4247
005 20201212075224.0
008 201212suuuu hu o 0|| hun d
040 |a SZTE Elektronikus Tananyag Archívum  |b hun 
041 |a hun 
100 1 |a Varga Albert 
245 1 2 |a A háziorvoslás jövőképe   |h [elektronikus dokumentum] :  |b hazai és nemzetközi megoldások /  |c  Varga Albert 
300 |a 12 
516 |a Presentation 
650 4 |a Orvos- és egészségtudomány 
650 4 |a Egészségtudományok 
650 4 |a Egészségtudomány és szolgáltatások (benne egészségügyi adminisztráció, egészségügy finanszírozása) 
695 |a orvosi ellátás 
695 |a családi 
695 |a családorvoslás 
700 0 1 |a Hajnal Ferenc  |e aut 
700 0 1 |a Nagyvári Péter  |e aut 
700 0 1 |a Ágoston Gergely  |e aut 
856 4 0 |u https://eta.bibl.u-szeged.hu/4247/1/a_haziorvoslas_jovokepe_hazai_es_nemzetkozi_megoldasok.pdf  |z Dokumentum-elérés